Musique rap fr - Statistiques

Statistiques générales
  • Ce quiz a été pris 792 fois
  • Le résultat moyen est 10 sur 32
Statistiques - réponses
Sons Artistes % Correct
Polak PLK
92%
Chasse à l’homme Niska
79%
Pic et pic, alcool et drame Jul
78%
A7 SCH
73%
Freestyle du sale Lorenzo
71%
Life Hamza
68%
Rosa Gradur
61%
À la fête Uzi
61%
Bienvenue à la banane Moha la squale
55%
Toka Sofiane
48%
Benzema Brulux
47%
Ancelotti Freeze corleone
40%
Andale Sadek
36%
Escorte Werenoi
34%
Bx land 5 Heuss l’enfoiré
28%
Maladresse Laylow
27%
Variant Booba
18%
Mr Molotov Sefyu
16%
Pour ceux Mafia k1fry
15%
GPG 4.2 Guizmo
12%
Mauvaise nouvelle Ben plg
9%
On l’a pas choisi Lacrim
6%
11h Lamatrix
5%
Tié plus mon poto L’algerino
4%
Foot 2 rue Kool shen
3%
D’Evry à Saint Ouen l’aumône Seth gueko
3%
De un Le rat luciano
1%
Le monde d’aujourd’hui TSR Crew
1%
Yukulélé Varnish la piscine
1%
Dis le moi D.Ace
0%
2017 Ous d ous
0%
Flex Panama bende
0%
Aucun quiz correspondant
Distribution des résultats
% des personnes avec chaque résultat
Percentile par nombre de réponses
Votre historique - résultats
Vous n’avez pas pris ce quiz